Southernmost Country by Clue - Statistics

General Stats
  • This quiz has been taken 17,611 times
  • The average score is 13 of 20
Answer Stats
The southernmost country that ... Latitude Answer % Correct
has hosted the Olympics 43.6 °S Australia
92%
is majority English-speaking 46.7 °S New Zealand
92%
has a megacity (urban population > 10 million) 55.1 °S Argentina
90%
has a wild elephant population 34.8 °S South Africa
85%
touches the equator 33.8 °S Brazil
81%
is landlocked 30.7 °S Lesotho
81%
starts with P 27.7 °S Paraguay
80%
is on the Arabian peninsula 12.1 °N Yemen
71%
borders India 9.6 °N Myanmar
67%
borders Russia 18.2 °N China
65%
is an island nation in the Caribbean Sea 10.1 °N Trinidad and Tobago
64%
has Chinese as an official language 1.2 °N Singapore
61%
has a wild tiger population 11.0 °S Indonesia
59%
borders the Arctic Ocean 18.9 °N United States
54%
is considered a European country by JetPunk 34.8 °N Greece
42%
has French as an official language 25.6 °S Madagascar
40%
was ever under Soviet occupation 29.4 °N Afghanistan
36%
was a colonial possession of Italy 1.1 °S Somalia
34%
is majority Slavic-speaking 40.9 °N North Macedonia
31%
is part of OPEC 5.03 °S Rep. of the Congo
25%
No matching quizzes found
Score Distribution
Percent of People with Each Score
Percentile by Number Answered
Your Score History
You have not taken this quiz